Normal view
MARC view
Entry Personal Name
001 - CONTROL NUMBER
- control field: 23302
003 - CONTROL NUMBER IDENTIFIER
- control field: OSt
005 - DATE AND TIME OF LATEST TRANSACTION
- control field: 20211105134733.0
008 - FIXED-LENGTH DATA ELEMENTS
- fixed length control field: 211105|| aca||aabn | a|a d
040 ## - CATALOGING SOURCE
- Original cataloging agency: OSt
- Transcribing agency: OSt
100 ## - HEADING--PERSONAL NAME
- Personal name: Herman, R. M .,ed
670 ## - SOURCE DATA FOUND
- Source citation: Work cat.: (OSt): Conference of American Institute of Physics on Spectral Line Shapes 14 Pennsylvania, U.S.A. 1998 June 22-26 23300, Spectral line shapes, 1999